00720nac a22001931u 4500010001700000082001600017090001500033100003400048245008200082250001200164260006600176300003300242504006400275650002600339700002400365942001800389999001500407952010400422 a 200305417900a658.7bA752 c4068d4068 aArnold, J. R. Tony, 10aIntroduction to materials management /cJ.R. Tony Arnold, Stephen N. Chapman. a5th ed. aUpper Saddle River, N.J. :bPearson Prentice Hall,2004c2004. axi, 468 p. :bill. ;c24 cm. aIncludes bibliographical references (p. 458-462) and index. 0aMaterials management.1 aChapman, Stephen N. cBBk658.7A752 c4068d4068 00104070aMAINbMAINc1STd2007-08-19ePurchasel0o658.7 ARNp000000028r2025-07-15 00:00:00yBB